00591nam a22001932 4500001001100000005001700011008004100028020001700069040001500086100003400101245007000135250001400205260005000219300001900269650003400288650004200322700003000364852000300394000001960920151217155226.0110112s xx 000 0 eng d a0721602400 : aKABUcKABU1 aGuyton, Arthur C.@000017939610aTextbook of medical physiology /cArthur C. Guyton, John E. Hall. a11th ed. aPhiladelphia, PA :bElsevier Saunders,c2006. axxxv, 1116 p. 0aHuman physiology.@0000155597 0aPhysiology, Pathological.@00001558661 aHall, John E.@00001793971